| 000 | 00890cam a22002774a 4500 | ||
|---|---|---|---|
| 001 | 13827986 | ||
| 005 | 20180201032342.0 | ||
| 008 | 041228s2006 caua b 001 0 eng | ||
| 010 | _a 2004030923 | ||
| 020 | _a0805378782 | ||
| 035 | _a(DNLM)101237203 | ||
| 040 |
_aDNLM/DLC _cDLC _dDLC |
||
| 041 | _aeng | ||
| 042 | _apcc | ||
| 060 | 1 | 0 |
_a613 _bC851pa 2006 |
| 080 | _a613 | ||
| 082 | 0 | 0 |
_a613 COT _222 |
| 100 | 1 | _a46 | |
| 101 | _aEDU | ||
| 245 | 1 | 0 |
_aPrinciples & foundations of health promotion and education / _cRandall R. Cottrell, James T. Girvan, James F. McKenzie. |
| 246 | 3 | _aPrinciples and foundations of health promotion and education | |
| 504 | _aIncludes bibliographical references and index. | ||
| 906 |
_a7 _bcbc _corignew _d1 _eecip _f20 _gy-gencatlg |
||
| 942 |
_2ddc _cBK |
||
| 999 |
_c41439 _d41439 |
||